00459cam a2200181ua 4500001000500000005001700005008003900022020001500061040000900076041000800085082000800093100002800101245006400129250000900193260002900202300001000231653003600241870920260515114352.0150212n ii |||gr||||Z||||||eng a818916130X cMAIN aeng a920 aMishra, S. B.,eAuthor.1 aAutobiography in Indian Writing in EnglishcBy S. B. Mishra a1st. aDelhi:bAdhyayan,c2004. a103p. aBiography, genealogy & insignia